000 00389 a2200133 4500
005 20250430173936.0
020 _a0 340 12444 X
082 _a620.1 PRI
100 _aPRITCHARD, R.T.
245 _aWorkshop Processes for Mechanical Engineering Technicians, Vol. 1
260 _aLondon
_bThe English University Press Ltd.
_c1971
300 _aviii, 216p. ill.,
_bIndex
_c21cm.
942 _2ddc
_cBKS
999 _c1858
_d1858